000 00762nam a2200217Ii 4500
003 JO-AjNU
008 230605s9999||||xx |||||||||||||| ||und||
017 _a1999/8/1511
040 _aJO-AjNU
_bara
_erda
_cJO-AjNU
041 _aara
050 1 4 _aHF5635 .A2598 2000
100 3 _aتأليف : آل آدم،يوحنا /م.مشارك: صالح الرزق,
_eauthor
_933272
245 0 0 _aمبادئ المحاسبة = Principles of Accounting : أسس وأصول علمية وعملية
250 _aط1
264 3 1 _aعمان: دار الحامد للنشر والتوزيع، 2000
300 _a464ص
336 _atext
_btxt
_2rdacontent
337 _aunmediated
_bn
_2rdamedia
338 _avolume
_bnc
_2rdacarrier
650 4 _aالمحاسبة
_933273
999 _aA13526
_c17094
_d17094